000 00480nam a22001457a 4500
005 20170322141658.0
008 170322b xxu||||| |||| 00| 0 eng d
040 _cPK-LaUMT
082 _aZIAC 297
_bWAH-D
100 _aوحید الدین خاں
245 _aدین انسانیت:
_bاسلام کا فکری اور عملی اور تاریخی مطالعہ/
_cوحید الدین خاں
260 _aلاہور:
_bدارالتذکیر،
_c2008
300 _a319 ص
942 _cBK
999 _c91978
_d91978